[Event "Catarinense-ch U20"]
[Site "Rio Negrinho"]
[Date "2023.03.24"]
[Round "2"]
[White "Constantino, Pedro Henrique"]
[Black "Franca, Willian Bento"]
[Result "0-1"]
[WhiteElo "1737"]
[BlackElo "2202"]
[PlyCount "62"]
[EventDate "2023.03.24"]
[EventType "swiss"]
[EventRounds "6"]
[EventCountry "BRA"]
[SourceTitle "CBM 213 Extra"]
[Source "ChessBase"]
[SourceDate "2023.05.31"]
[SourceVersion "1"]
[SourceVersionDate "2023.05.31"]
[SourceQuality "1"]

1. e4 d6 2. d4 Nf6 3. Nc3 g6 4. f3 Bg7 5. Be3 c6 6. Qd2 b5 7. 0-0-0 Nbd7 8. Kb1 Nb6 9. g4 b4 10. Nce2 Nc4 11. Qc1 Nxe3 12. Qxe3 Qb6 13. h4 h5 14. g5 Nd7 15. Bh3 c5 16. e5 e6 17. exd6 Qxd6 18. Bg2 0-0 19. Nh3 Bb7 20. Nf2 cxd4 21. Nxd4 Qb6 22. Rhe1 Ne5 23. Bf1 Rac8 24. Ne4 Bxe4 25. Qxe4 Nc4 26. Rd3 Nxb2 27. Kxb2 Rc4 28. Red1 Rd8 29. Kb1 Rcxd4 30. Rxd4 Rxd4 31. Rxd4 Qxd4 0-1

[Event "Timbo U2200 op 2nd"]
[Site "Timbo"]
[Date "2022.08.13"]
[Round "4"]
[White "Cordeiro, Marco Aurelio Zaror"]
[Black "Franca, Willian Bento"]
[Result "0-1"]
[WhiteElo "2140"]
[BlackElo "2179"]
[PlyCount "127"]
[EventDate "2022.08.12"]
[EventType "swiss"]
[EventRounds "6"]
[EventCountry "BRA"]
[SourceTitle "EXT 2024"]
[Source "ChessBase"]
[SourceDate "2023.10.10"]
[SourceVersion "1"]
[SourceVersionDate "2023.10.10"]
[SourceQuality "1"]

1. d4 d6 2. Nf3 Nf6 3. g3 Nbd7 4. Bg2 e5 5. 0-0 Be7 6. Re1 0-0 7. e4 c6 8. c3 Re8 9. Nbd2 Bf8 10. Qc2 b6 11. b3 Bb7 12. Bb2 Qc7 13. Rad1 Rac8 14. a4 c5 15. dxe5 dxe5 16. Nc4 a6 17. Nfd2 b5 18. axb5 axb5 19. Ne3 c4 20. bxc4 bxc4 21. Nexc4 Nb6 22. Ne3 Bc5 23. Ndf1 Bc6 24. Ra1 Qb7 25. f3 Red8 26. Kh1 Bb5 27. Ba3 Bxf1 28. Bxf1 Bxe3 29. Rxe3 Nc4 30. Bxc4 Rxc4 31. Rb1 Qa7 32. Rd3 Rdc8 33. Bd6 Qa5 34. Rb8 Rxb8 35. Bxb8 h5 36. Bd6 Ra4 37. Bb4 Qa8 38. Rd1 Ra2 39. Qb3 Nxe4 40. Rd8+ Qxd8 41. Qxa2 Qd1+ 42. Kg2 Nd2 43. Qa8+ Kh7 44. Kf2 e4 45. fxe4 Qf3+ 46. Ke1 Nxe4 47. Qa7 Qh1+ 48. Ke2 Qxh2+ 49. Kd3 f5 50. Qe3 Nxg3 51. c4 Ne4 52. c5 Qb2 53. Kc4 Qc2+ 54. Kb5 Nxc5 55. Bxc5 Qe4 56. Qg5 Qg4 57. Qxg4 hxg4 58. Kc4 Kg6 59. Kd4 Kg5 60. Ke5 g3 61. Kd4 Kf4 62. Bd6+ Kf3 63. Ke5 g6 64. Kf6 0-1

[Event "Titled Tuesday intern op 04th Jan"]
[Site "Chess.com INT"]
[Date "2022.01.04"]
[Round "1"]
[White "Concio, Michael Jr"]
[Black "Franca, Willian Bento"]
[Result "1-0"]
[WhiteElo "2211"]
[BlackElo "2179"]
[PlyCount "55"]
[EventDate "2022.01.04"]
[EventType "swiss (blitz)"]
[EventRounds "11"]
[EventCountry "USA"]
[SourceTitle "EXT 2023"]
[Source "ChessBase"]
[SourceDate "2022.10.05"]
[SourceVersion "1"]
[SourceVersionDate "2022.10.05"]
[SourceQuality "1"]

1. e4 d6 2. Nc3 Nf6 3. g3 g6 4. Bg2 Bg7 5. Nge2 0-0 6. 0-0 Nbd7 7. d3 Rb8 8. a4 a6 9. a5 b5 10. axb6 cxb6 11. h3 Bb7 12. Be3 Rc8 13. Qd2 b5 14. e5 Bxg2 15. exf6 Bxf1 16. fxg7 Kxg7 17. Rxf1 Ne5 18. Bh6+ Kg8 19. f4 Nxd3 20. Qxd3 Re8 21. f5 Rc4 22. Nf4 e5 23. fxe6 fxe6 24. Nxe6 Qb6+ 25. Kh2 Qc6 26. Nd5 Rxc2+ 27. Kg1 Kh8 28. Bg7+ 1-0

[Event "Titled Tuesday intern op 04th Jan"]
[Site "Chess.com INT"]
[Date "2022.01.04"]
[Round "6"]
[White "Franca, Willian Bento"]
[Black "Atakhan, Abtin"]
[Result "0-1"]
[WhiteElo "2179"]
[BlackElo "2357"]
[PlyCount "102"]
[EventDate "2022.01.04"]
[EventType "swiss (blitz)"]
[EventRounds "11"]
[EventCountry "USA"]
[SourceTitle "EXT 2023"]
[Source "ChessBase"]
[SourceDate "2022.10.05"]
[SourceVersion "1"]
[SourceVersionDate "2022.10.05"]
[SourceQuality "1"]

1. c4 e5 2. g3 d6 3. Bg2 f5 4. Nc3 Nf6 5. d3 Be7 6. e3 c6 7. Nge2 a5 8. 0-0 0-0 9. a3 Qe8 10. Rb1 Be6 11. b4 axb4 12. axb4 Qh5 13. b5 Ng4 14. h3 Nf6 15. f4 Nbd7 16. bxc6 bxc6 17. Bd2 Ra7 18. Nc1 Qg6 19. Kh2 Nh5 20. Be1 Ra3 21. Rb3 Ra1 22. Bxc6 Nc5 23. Rb1 Rxb1 24. Nxb1 Rb8 25. Qc2 Bf6 26. Nc3 Qf7 27. N1e2 Qa7 28. Bf3 g6 29. Nb5 Qd7 30. Bb4 Nxd3 31. Qxd3 e4 32. Qxd6 exf3 33. Rxf3 Qxd6 34. Bxd6 Rb7 35. Ned4 Bxc4 36. Rf2 Bxb5 37. Rb2 Bxd4 38. exd4 Bc6 39. Rxb7 Bxb7 40. g4 Nf6 41. Be5 Kf7 42. Kg3 Ne4+ 43. Kh4 h6 44. Bc7 Bd5 45. Be5 Bc4 46. Bc7 g5+ 47. fxg5 hxg5+ 48. Kh5 f4 49. h4 f3 50. hxg5 f2 51. g6+ Kg8 0-1

[Event "Titled Tuesday intern op 04th Jan"]
[Site "Chess.com INT"]
[Date "2022.01.04"]
[Round "3"]
[White "Gedgafov, Chamal"]
[Black "Franca, Willian Bento"]
[Result "0-1"]
[WhiteElo "2198"]
[BlackElo "2179"]
[PlyCount "80"]
[EventDate "2022.01.04"]
[EventType "swiss (blitz)"]
[EventRounds "11"]
[EventCountry "USA"]
[SourceTitle "EXT 2023"]
[Source "ChessBase"]
[SourceDate "2022.10.05"]
[SourceVersion "1"]
[SourceVersionDate "2022.10.05"]
[SourceQuality "1"]

1. d4 d6 2. c4 e5 3. d5 g6 4. Nc3 Bh6 5. e4 Bxc1 6. Rxc1 a5 7. Be2 Na6 8. h4 h5 9. g4 hxg4 10. Bxg4 Rxh4 11. Rxh4 Qxh4 12. Bxc8 Rxc8 13. Qf3 Nc5 14. Nge2 Ke7 15. Kd2 Qf6 16. Qe3 Qh4 17. Rf1 Nf6 18. f4 Ng4 19. Qg1 Rh8 20. fxe5 Nxe5 21. Rf4 Nxc4+ 22. Kc2 Qh6 23. Qf2 Ne5 24. Nb5 Na6 25. Ned4 Qh2 26. Kc3 Qxf2 27. Rxf2 Rh3+ 28. Kc2 c6 29. dxc6 bxc6 30. Nc3 Nb4+ 31. Kb3 Nbd3 32. Rg2 Nc5+ 33. Kc2 Re3 34. Nb3 Nxb3 35. Kxb3 Kd7 36. Kc2 Kc7 37. Kd2 Rh3 38. Kc2 Rf3 39. Kd2 Nc4+ 40. Kc2 Ne3+ 0-1

[Event "Titled Tuesday intern op 21st Dec"]
[Site "Chess.com INT"]
[Date "2021.12.21"]
[Round "2"]
[White "Franca, Willian Bento"]
[Black "Cagara, Paulina"]
[Result "1-0"]
[WhiteElo "2179"]
[BlackElo "2045"]
[PlyCount "59"]
[EventDate "2021.12.21"]
[EventType "swiss (blitz)"]
[EventRounds "11"]
[EventCountry "USA"]
[SourceTitle "CBM 205 Extra"]
[Source "ChessBase"]
[SourceDate "2022.01.31"]
[SourceVersion "1"]
[SourceVersionDate "2022.01.31"]
[SourceQuality "1"]

1. c4 f5 2. g3 Nf6 3. Bg2 g6 4. h4 h5 5. Nh3 e5 6. Nc3 Bg7 7. d3 c6 8. e4 d6 9. Bg5 Be6 10. 0-0 Nbd7 11. Qd2 Qa5 12. Rae1 0-0-0 13. a3 Kb8 14. Ra1 Rdf8 15. b4 Qc7 16. b5 c5 17. a4 Qa5 18. Qb2 Qb4 19. Qc1 Ng4 20. a5 fxe4 21. Nxe4 d5 22. Bd2 Qb3 23. Ra3 Qxa3 24. Qxa3 dxe4 25. Bxe4 Ngf6 26. Bg2 e4 27. Ng5 Bg8 28. Bf4+ Ka8 29. a6 b6 30. Nxe4 1-0

[Event "Titled Tuesday intern op 21st Dec"]
[Site "Chess.com INT"]
[Date "2021.12.21"]
[Round "6"]
[White "Franca, Willian Bento"]
[Black "Clawitter, Craig"]
[Result "1-0"]
[WhiteElo "2179"]
[BlackElo "2050"]
[PlyCount "77"]
[EventDate "2021.12.21"]
[EventType "swiss (blitz)"]
[EventRounds "11"]
[EventCountry "USA"]
[SourceTitle "CBM 205 Extra"]
[Source "ChessBase"]
[SourceDate "2022.01.31"]
[SourceVersion "1"]
[SourceVersionDate "2022.01.31"]
[SourceQuality "1"]

1. c4 e6 2. Nf3 d5 3. g3 Nf6 4. Bg2 Be7 5. d4 0-0 6. 0-0 dxc4 7. Na3 c5 8. Nxc4 Nc6 9. dxc5 Bxc5 10. Bf4 Nd5 11. Bg5 Be7 12. Bxe7 Qxe7 13. Qb3 Ndb4 14. a3 Na6 15. Rfd1 Nc5 16. Qe3 b6 17. Nd6 Rb8 18. b4 Nb7 19. Nc4 Bd7 20. Nfe5 Nxe5 21. Nxe5 Ba4 22. Rd4 Rfd8 23. Bc6 Rxd4 24. Qxd4 Bb3 25. Rb1 Bc2 26. Rc1 Bf5 27. g4 Bg6 28. h4 Nd6 29. h5 f6 30. hxg6 fxe5 31. gxh7+ Kxh7 32. Qxe5 Rf8 33. f3 Nf7 34. Qe4+ g6 35. Kg2 Qg5 36. Rh1+ Kg7 37. Qxe6 Rd8 38. Be4 Rd2 39. Bd3 1-0

[Event "Titled Tuesday intern op 21st Dec"]
[Site "Chess.com INT"]
[Date "2021.12.21"]
[Round "4"]
[White "Stoleriu, George"]
[Black "Franca, Willian Bento"]
[Result "1-0"]
[WhiteElo "2419"]
[BlackElo "2179"]
[PlyCount "53"]
[EventDate "2021.12.21"]
[EventType "swiss (blitz)"]
[EventRounds "11"]
[EventCountry "USA"]
[SourceTitle "CBM 205 Extra"]
[Source "ChessBase"]
[SourceDate "2022.01.31"]
[SourceVersion "1"]
[SourceVersionDate "2022.01.31"]
[SourceQuality "1"]

1. e4 d6 2. d4 Nf6 3. Nc3 g6 4. Be3 c6 5. Qd2 Nbd7 6. f3 b5 7. a4 b4 8. Na2 a5 9. c3 Bg7 10. cxb4 axb4 11. Nxb4 Bb7 12. h4 0-0 13. Nh3 Qa5 14. Nc2 Qxd2+ 15. Kxd2 c5 16. Bb5 Ba6 17. Bxa6 Rxa6 18. b4 Rfa8 19. bxc5 dxc5 20. dxc5 Ne5 21. Ke2 Nfd7 22. Rhd1 Kf8 23. Nf4 e6 24. Nb4 Rxa4 25. Rxa4 Rxa4 26. c6 Nf6 27. c7 1-0

[Event "Titled Tuesday intern op 31st Aug"]
[Site "Chess.com INT"]
[Date "2021.08.31"]
[Round "4"]
[White "Franca, Willian Bento"]
[Black "Iskusnyh, Sergei"]
[Result "0-1"]
[WhiteElo "2179"]
[BlackElo "2473"]
[PlyCount "36"]
[EventDate "2021.08.31"]
[EventType "swiss (blitz)"]
[EventRounds "11"]
[EventCountry "USA"]
[SourceTitle "EXT 2022"]
[Source "ChessBase"]
[SourceDate "2021.10.06"]
[SourceVersion "1"]
[SourceVersionDate "2021.10.06"]
[SourceQuality "1"]

1. c4 c5 2. Nc3 g6 3. g3 Bg7 4. Bg2 Nc6 5. a3 d6 6. Rb1 e6 7. b4 Nge7 8. b5 Na5 9. Qa4 0-0 10. e3 d5 11. cxd5 exd5 12. Nge2 Bf5 13. e4 dxe4 14. Nxe4 Qd3 15. N4c3 Bxc3 16. Nxc3 Rfe8 17. Kd1 Nc4 18. Re1 Rad8 0-1

[Event "Titled Tuesday intern op 31st Aug"]
[Site "Chess.com INT"]
[Date "2021.08.31"]
[Round "1"]
[White "Franca, Willian Bento"]
[Black "Krivonosov, Oleg"]
[Result "1/2-1/2"]
[WhiteElo "2179"]
[BlackElo "2371"]
[PlyCount "88"]
[EventDate "2021.08.31"]
[EventType "swiss (blitz)"]
[EventRounds "11"]
[EventCountry "USA"]
[SourceTitle "EXT 2022"]
[Source "ChessBase"]
[SourceDate "2021.10.06"]
[SourceVersion "1"]
[SourceVersionDate "2021.10.06"]
[SourceQuality "1"]

1. c4 e6 2. g3 d5 3. Bg2 Nf6 4. Nf3 Be7 5. 0-0 0-0 6. d4 Nbd7 7. Qc2 c6 8. b3 b6 9. Bb2 Bb7 10. Nc3 Ba6 11. Nd2 b5 12. e4 dxc4 13. bxc4 bxc4 14. Rfd1 h6 15. Na4 Nb6 16. Nxb6 axb6 17. Nxc4 Bxc4 18. Qxc4 Qd7 19. Rac1 Rfc8 20. h3 b5 21. Qb3 Qa7 22. d5 cxd5 23. Rxc8+ Rxc8 24. Bxf6 Bxf6 25. exd5 exd5 26. Qxb5 Qxa2 27. Bxd5 Qa7 28. Re1 Rf8 29. Re8 Qc7 30. Rxf8+ Kxf8 31. Qb7 Qxb7 32. Bxb7 Bd4 33. Kg2 f5 34. Bc8 g6 35. Bd7 Kg7 36. Ba4 Kf6 37. Bc2 g5 38. Kf3 h5 39. Bb1 g4+ 40. hxg4 hxg4+ 41. Kg2 Kg5 42. f3 f4 43. gxf4+ Kxf4 44. fxg4 Kxg4 1/2-1/2

[Event "Santa Catarina State-ch 65th"]
[Site "Rio Negrinho"]
[Date "2021.07.24"]
[Round "5"]
[White "Ferreira Da Silva, Rodrigo"]
[Black "Franca, Willian Bento"]
[Result "0-1"]
[WhiteElo "1855"]
[BlackElo "2177"]
[PlyCount "107"]
[EventDate "2021.07.22"]
[EventType "swiss"]
[EventRounds "7"]
[EventCountry "BRA"]
[SourceTitle "EXT 2022"]
[Source "ChessBase"]
[SourceDate "2021.10.06"]
[SourceVersion "1"]
[SourceVersionDate "2021.10.06"]
[SourceQuality "1"]

1. e4 g6 2. Nf3 Bg7 3. c4 c6 4. d4 d5 5. e5 Bg4 6. Nc3 e6 7. cxd5 exd5 8. h3 Bxf3 9. Qxf3 Nh6 10. Ne2 0-0 11. Qb3 Qb6 12. Qxb6 axb6 13. f4 Na6 14. Bd2 Nc7 15. g4 Rfe8 16. f5 Nb5 17. Bg2 f6 18. 0-0 gxf5 19. gxf5 Nf7 20. a4 Nbd6 21. e6 Nh6 22. Ng3 Kh8 23. b3 Ng8 24. Bf4 Nc8 25. Bf3 Bh6 26. Bh5 Bxf4 27. Rxf4 Re7 28. Kh2 Nh6 29. Be2 Nd6 30. Bd3 b5 31. Raf1 b4 32. Rc1 Rg8 33. Rc2 Rg5 34. Rg2 Reg7 35. Rff2 Ng8 36. Ne2 Ne7 37. Rxg5 Rxg5 38. Ng3 Ne8 39. a5 h5 40. Rf4 Ng7 41. Be2 Nexf5 42. Nxf5 Rxf5 43. Rxf5 Nxf5 44. Bxh5 Kg7 45. e7 Nxe7 46. Bg4 f5 47. Be2 Kf6 48. Kg3 f4+ 49. Kxf4 Nf5 50. Bd1 Nxd4 51. h4 c5 52. h5 c4 53. h6 cxb3 54. Ke3 0-1

[Event "Florianopolis Winter Amateur op"]
[Site "Florianopolis"]
[Date "2017.08.12"]
[Round "5"]
[White "Dias, Anderson Tatsch"]
[Black "Franca, Willian Bento"]
[Result "1-0"]
[WhiteElo "2172"]
[BlackElo "2197"]
[PlyCount "81"]
[EventDate "2017.08.11"]
[EventType "swiss"]
[EventRounds "7"]
[EventCountry "BRA"]
[SourceTitle "CBM 180 Extra"]
[Source "ChessBase"]
[SourceDate "2017.10.06"]
[SourceVersion "1"]
[SourceVersionDate "2017.10.06"]
[SourceQuality "1"]

1. d4 Nf6 2. Nf3 d6 3. c4 Nbd7 4. Nc3 e5 5. e3 Be7 6. Be2 0-0 7. 0-0 c6 8. b4 Re8 9. a4 a5 10. b5 Qc7 11. Ba3 Bf8 12. Qb3 h6 13. Rab1 Nh7 14. Rfd1 Ng5 15. Nxg5 hxg5 16. Bf3 exd4 17. exd4 g6 18. h3 f5 19. c5+ Kg7 20. bxc6 bxc6 21. cxd6 Bxd6 22. Nb5 Bh2+ 23. Kh1 Qb8 24. Bxc6 Ra6 25. d5 Be5 26. Re1 Kh6 27. Bd6 Qb6 28. Bxd7 Bxd7 29. Bxe5 Qxf2 30. Qg3 Qc2 31. Nc7 f4 32. Bxf4 gxf4 33. Qxf4+ g5 34. Qg3 Rxe1+ 35. Rxe1 Rf6 36. Ne6 Qd2 37. Kh2 Qxd5 38. Re5 Qd2 39. Rxg5 Qf2 40. Rh5+ Kxh5 41. Qg5# 1-0

[Event "Florianopolis Winter Amateur op"]
[Site "Florianopolis"]
[Date "2017.08.11"]
[Round "2"]
[White "Franca, Willian Bento"]
[Black "De Borba, Gabriel"]
[Result "1-0"]
[WhiteElo "2197"]
[BlackElo "1888"]
[PlyCount "77"]
[EventDate "2017.08.11"]
[EventType "swiss"]
[EventRounds "7"]
[EventCountry "BRA"]
[SourceTitle "CBM 180 Extra"]
[Source "ChessBase"]
[SourceDate "2017.10.06"]
[SourceVersion "1"]
[SourceVersionDate "2017.10.06"]
[SourceQuality "1"]

1. Nf3 Nf6 2. c4 d5 3. cxd5 Nxd5 4. d4 g6 5. e4 Nb6 6. Be2 Bg7 7. h3 0-0 8. 0-0 N8d7 9. Nc3 c5 10. d5 Re8 11. a4 a5 12. Nb5 Nb8 13. Qc2 Na6 14. Be3 Nd7 15. Rfd1 b6 16. Bg5 h6 17. Bh4 g5 18. Bg3 Bb7 19. h4 g4 20. Nd2 Nb4 21. Qb1 Be5 22. Bxg4 Bxg3 23. fxg3 Ne5 24. Be2 Qb8 25. Ra3 Kh8 26. Qc1 Kh7 27. Nc4 Rg8 28. Qf4 Nxc4 29. Qxf7+ Rg7 30. Qf5+ Kh8 31. Bxc4 Rxg3 32. d6 Rg7 33. Nc7 Ra7 34. d7 Nc6 35. Ne6 Rg8 36. Qh5 Kh7 37. Rad3 Nd8 38. Ng5+ Kg7 39. Bxg8 1-0

[Event "Florianopolis Winter Amateur op"]
[Site "Florianopolis"]
[Date "2017.08.11"]
[Round "1"]
[White "Souza, Neurismar da Rocha"]
[Black "Franca, Willian Bento"]
[Result "0-1"]
[WhiteElo "1740"]
[BlackElo "2197"]
[PlyCount "60"]
[EventDate "2017.08.11"]
[EventType "swiss"]
[EventRounds "7"]
[EventCountry "BRA"]
[SourceTitle "CBM 180 Extra"]
[Source "ChessBase"]
[SourceDate "2017.10.06"]
[SourceVersion "1"]
[SourceVersionDate "2017.10.06"]
[SourceQuality "1"]

1. e4 c5 2. Nf3 g6 3. Bc4 Bg7 4. c3 e6 5. d4 cxd4 6. cxd4 d5 7. exd5 exd5 8. Bb3 Ne7 9. 0-0 0-0 10. Bg5 Nbc6 11. Nc3 h6 12. Bh4 Be6 13. Re1 Qa5 14. Bxe7 Nxe7 15. Rc1 Nc6 16. a3 Rad8 17. Ne5 Nxe5 18. dxe5 d4 19. Ne4 Bxb3 20. Qxb3 Qxe5 21. Qxb7 Rb8 22. Qxa7 Rxb2 23. Qc5 Qf4 24. Qc4 Kh7 25. Rc2 Rfb8 26. Rxb2 Rxb2 27. f3 h5 28. Qd3 f5 29. Nf2 Rd2 30. Qb1 d3 0-1

[Event "Curitiba IEP&Copel op"]
[Site "Curitiba"]
[Date "2017.05.14"]
[Round "6"]
[White "Franca, Willian Bento"]
[Black "Souza, Adwilhans Luciano"]
[Result "1/2-1/2"]
[WhiteElo "2174"]
[BlackElo "2338"]
[PlyCount "63"]
[EventDate "2017.05.12"]
[EventType "swiss"]
[EventRounds "6"]
[EventCountry "BRA"]
[SourceTitle "CBM 178 Extra"]
[Source "ChessBase"]
[SourceDate "2017.06.22"]
[SourceVersion "1"]
[SourceVersionDate "2017.06.22"]
[SourceQuality "1"]

1. Nf3 Nf6 2. g3 c5 3. c4 Nc6 4. Bg2 g6 5. b3 Bg7 6. Bb2 0-0 7. 0-0 d6 8. Nc3 Ne4 9. Qc2 Nxc3 10. Bxc3 Nd4 11. Nxd4 cxd4 12. Bb2 Bf5 13. d3 Qd7 14. Rfe1 Rac8 15. e3 d5 16. e4 dxe4 17. Bxe4 Bxe4 18. Rxe4 f5 19. Ree1 e5 20. f4 e4 21. dxe4 d3 22. Qd2 fxe4 23. Rxe4 Rce8 24. Rxe8 Rxe8 25. Bxg7 Re2 26. Qa5 Qh3 27. Qd5+ Kxg7 28. Qf3 Qd7 29. Rd1 Qd4+ 30. Kh1 Re3 31. Qd5 Qc3 32. Qd7+ 1/2-1/2

[Event "Curitiba IEP&Copel op"]
[Site "Curitiba"]
[Date "2017.05.12"]
[Round "2"]
[White "Franca, Willian Bento"]
[Black "Torres, Eduardo Lisboa"]
[Result "1-0"]
[WhiteElo "2174"]
[BlackElo "1919"]
[PlyCount "65"]
[EventDate "2017.05.12"]
[EventType "swiss"]
[EventRounds "6"]
[EventCountry "BRA"]
[SourceTitle "CBM 178 Extra"]
[Source "ChessBase"]
[SourceDate "2017.06.22"]
[SourceVersion "1"]
[SourceVersionDate "2017.06.22"]
[SourceQuality "1"]

1. Nf3 d5 2. c4 c6 3. g3 Nf6 4. Bg2 Bf5 5. 0-0 e6 6. d3 Nbd7 7. Nc3 Bc5 8. h3 h6 9. b3 Qc7 10. Kh2 g5 11. e3 g4 12. hxg4 Bxg4 13. Qe1 Bxf3 14. Bxf3 Ne5 15. Qe2 h5 16. Kh1 h4 17. g4 Be7 18. Bb2 0-0-0 19. cxd5 exd5 20. Rac1 Nxf3 21. Qxf3 Qd7 22. g5 Nh5 23. Nxd5 Ng3+ 24. fxg3 Qh3+ 25. Kg1 Rxd5 26. Qxd5 Qxg3+ 27. Qg2 Qxe3+ 28. Qf2 Qxg5+ 29. Kh1 Rh5 30. Rce1 f5 31. Rg1 Qg3 32. Qe3 Bd6 33. Qe8+ 1-0

[Event "Joinville op U220"]
[Site "Joinville"]
[Date "2017.02.18"]
[Round "5"]
[White "Dias, Anderson Tatsch"]
[Black "Franca, Willian Bento"]
[Result "1-0"]
[WhiteElo "2159"]
[BlackElo "2119"]
[PlyCount "71"]
[EventDate "2017.02.17"]
[EventType "swiss"]
[EventRounds "7"]
[EventCountry "BRA"]
[SourceTitle "CBM 177 Extra"]
[Source "ChessBase"]
[SourceDate "2017.04.27"]
[SourceVersion "1"]
[SourceVersionDate "2017.04.27"]
[SourceQuality "1"]

1. d4 d6 2. e4 Nf6 3. Nc3 c6 4. g3 Bg4 5. f3 Bd7 6. Bg2 e5 7. Be3 Be7 8. Nge2 0-0 9. 0-0 Qc7 10. h3 b5 11. a3 a5 12. f4 Na6 13. fxe5 dxe5 14. dxe5 Ne8 15. Nf4 Bc5 16. Bxc5 Nxc5 17. Qd4 Ne6 18. Nxe6 Bxe6 19. Qc5 Qa7 20. Qxa7 Rxa7 21. Rfd1 Nc7 22. Rd6 Ra6 23. Ne2 Bc4 24. Nd4 c5 25. b3 cxd4 26. bxc4 bxc4 27. Rxd4 Rc6 28. Rb1 g6 29. Rb7 Rc8 30. Rd7 Ne6 31. Rxf7 R8c7 32. Rfxc7 Rxc7 33. Rxc7 Nxc7 34. Bf1 c3 35. Bc4+ Kf8 36. Kf2 1-0

[Event "Florianopolis op 3rd"]
[Site "Florianopolis"]
[Date "2017.01.21"]
[Round "3"]
[White "Franca, Willian Bento"]
[Black "Mahia, Gustavo"]
[Result "0-1"]
[WhiteElo "2119"]
[BlackElo "2360"]
[PlyCount "64"]
[EventDate "2017.01.20"]
[EventType "swiss"]
[EventRounds "10"]
[EventCountry "BRA"]
[SourceTitle "CBM 176 Extra"]
[Source "ChessBase"]
[SourceDate "2017.03.02"]
[SourceVersion "1"]
[SourceVersionDate "2017.03.02"]
[SourceQuality "1"]

1. Nf3 Nf6 2. c4 g6 3. Nc3 Bg7 4. e4 d6 5. d4 0-0 6. Be2 e5 7. 0-0 Nc6 8. d5 Ne7 9. Ne1 c5 10. Nd3 Ne8 11. f3 f5 12. Be3 f4 13. Bf2 g5 14. g4 h5 15. h3 Rf6 16. Kg2 Rh6 17. Rh1 Ng6 18. b4 b6 19. a4 a5 20. bxc5 bxc5 21. Rb1 Nc7 22. Nb5 Na6 23. Qb3 Bf8 24. Rbg1 Rb8 25. Kf1 Rb7 26. Qb1 Rbh7 27. Kg2 Qf6 28. Be1 Nb4 29. Bxb4 axb4 30. Qf1 Qh8 31. Bd1 hxg4 32. hxg4 Rh2+ 0-1

[Event "Florianopolis Winter U220 op"]
[Site "Florianopolis"]
[Date "2016.08.20"]
[Round "5"]
[White "Franca, Willian Bento"]
[Black "Klein, Jean Carlo"]
[Result "1-0"]
[WhiteElo "2124"]
[BlackElo "1926"]
[PlyCount "120"]
[EventDate "2016.08.19"]
[EventType "swiss"]
[EventRounds "7"]
[EventCountry "BRA"]
[SourceTitle "CBM 174 Extra"]
[Source "ChessBase"]
[SourceDate "2016.10.10"]
[SourceVersion "1"]
[SourceVersionDate "2016.10.10"]
[SourceQuality "1"]

1. e4 d5 2. exd5 Qxd5 3. d4 Nf6 4. Nf3 Bg4 5. Be2 e6 6. h3 Bf5 7. 0-0 Be7 8. c4 Qd8 9. Qb3 Qc8 10. Nc3 0-0 11. Bf4 c6 12. Rad1 Nbd7 13. Rfe1 Ne4 14. Nxe4 Bxe4 15. Bf1 Nf6 16. Ng5 Bg6 17. Bd3 Re8 18. Bxg6 hxg6 19. Nf3 Bd8 20. Be5 Bc7 21. Qe3 Nd7 22. Qf4 Nxe5 23. dxe5 Bd8 24. Re2 Ba5 25. Ng5 Qc7 26. c5 f6 27. Nf3 Qe7 28. b4 Bc7 29. Rde1 Qf7 30. Qc4 Rad8 31. exf6 gxf6 32. Rxe6 Rxe6 33. Qxe6 Qxe6 34. Rxe6 Rd1+ 35. Re1 Rxe1+ 36. Nxe1 Kf7 37. Kf1 a5 38. a3 axb4 39. axb4 Ke6 40. Ke2 Kd5 41. Kd3 b6 42. cxb6 Bxb6 43. f3 c5 44. bxc5 Bxc5 45. f4 Bd6 46. Ke3 Be7 47. g3 Bd8 48. Ng2 Ke6 49. Ke4 Kf7 50. g4 Be7 51. Ne3 Bd8 52. f5 g5 53. Kd5 Ba5 54. Kd6 Bc3 55. Kd7 Be5 56. Nc4 Bc3 57. Nd6+ Kf8 58. Ke6 Bb2 59. Ne4 Kg7 60. Ng3 Kh6 1-0

[Event "Florianopolis Winter U220 op"]
[Site "Florianopolis"]
[Date "2016.08.20"]
[Round "4"]
[White "Franca, Willian Bento"]
[Black "Menegatti, Vitor Emanuel"]
[Result "1/2-1/2"]
[WhiteElo "2124"]
[BlackElo "1844"]
[PlyCount "97"]
[EventDate "2016.08.19"]
[EventType "swiss"]
[EventRounds "7"]
[EventCountry "BRA"]
[SourceTitle "CBM 174 Extra"]
[Source "ChessBase"]
[SourceDate "2016.10.10"]
[SourceVersion "1"]
[SourceVersionDate "2016.10.10"]
[SourceQuality "1"]

1. d4 Nf6 2. Nf3 e6 3. c4 c5 4. g3 cxd4 5. Nxd4 a6 6. Bg2 Qc7 7. b3 Nc6 8. 0-0 Be7 9. Bb2 0-0 10. Nc3 b6 11. Nxc6 dxc6 12. e4 e5 13. Qe2 Rd8 14. Rac1 Be6 15. h3 Bc5 16. Rcd1 Rxd1 17. Rxd1 Bd4 18. Na4 c5 19. Nc3 Rb8 20. Nd5 Bxd5 21. exd5 b5 22. Bxd4 exd4 23. Rc1 Qd6 24. Qc2 b4 25. Re1 Qd7 26. Re5 Re8 27. f4 a5 28. Qe2 Kf8 29. Kf1 Re7 30. Kf2 Qd6 31. Bf3 Nd7 32. Rxe7 Qxe7 33. Bg4 Qxe2+ 34. Kxe2 Ke7 35. Bf5 Nf6 36. Kf3 Kd6 37. Bc2 h5 38. g4 hxg4+ 39. hxg4 g6 40. Kg3 Ke7 41. Kh4 Nh7 42. g5 Nf8 43. Kg4 f6 44. Kf3 f5 45. Ke2 Kd6 46. Kd3 Ke7 47. Bd1 Nd7 48. Bf3 Nb6 49. Bd1 1/2-1/2